تحميل...

Human geography /

التفاصيل البيبلوغرافية
المؤلف الرئيسي: Jones, Emrys
التنسيق: Printed Book
اللغة:English
منشور في: London : Chatto & Windus, 1970.
LEADER 00429nam a2200121Ia 4500
008 150624b xxu||||| |||| 00| 0 eng d
082 |a 913.03 
100 |a Jones, Emrys 
245 |a Human geography /  |c Emrys Jones 
260 |a London :  |b Chatto & Windus,  |c 1970. 
942 |c BK 
999 |c 60236  |d 60236 
952 |0 0  |1 0  |4 0  |6 913_030000000000000_JON_H  |7 0  |9 60213  |a UL  |b UL  |c ST1  |d 2012-10-27  |l 7  |m 3  |o 913.03 JON/H  |p D1256  |r 2021-11-25  |s 2020-02-07  |w 2012-10-27  |y BK